La cultura nei colori #9 - Marrone - Statistics

Statistiche generali
  • Questo quiz è stato fatto 761 volte
  • Il punteggio medio è 10 su 20
Statistiche sulle risposte
Definizioni Risposte % Corretto
Famosa crema spalmabile a base di nocciole Nutella
99%
Frutto autunnale racchiuso in un riccio che dà il nome ad una tonalità di marrone Castagna
95%
La cantante di "Non è l'inferno" Emma Marrone
88%
Il grizzly e il marsicano sono alcune delle sue sottospecie Orso Bruno
88%
Frutto dalla buccia marrone e pelosa Kiwi
80%
Spezia utilizzata in cucina in polvere o in stecca Cannella
70%
Il padrone di Snoopy Charlie Brown
65%
Lega metallica di rame e stagno Bronzo
59%
La città la cui "terra" che ha dato il nome a due sfumature di Marrone Siena
59%
Lavorazione pasticcera di questi frutti ricoperti di zucchero Marron Glacé
44%
Legno resistente con gradazione marrone-rossiccia utilizzato nei mobili di alta classe Mogano
44%
Tonalità di bruno chiaro utilizzata in fotografia per avere l'effetto invecchiato Seppia
42%
E' detto "Il padrino del soul" James Brown
26%
Colore che in persiano significa "terra" utilizzato soprattutto nelle uniformi militari Cachi
25%
Il gruppo di Melanie Brown Spice Girls
22%
Film di Quentin Tarantino con Robert de Niro Jackie Brown
16%
Famosa e controversa canzone dei Rolling Stones Brown Sugar
13%
Il paese maggiore produttore di cacao del mondo Costa d'Avorio
11%
Colore simile al beige tipico dei tessuti grezzi Écru
11%
Pigmento usato in pittura derivante dalla cenere del legno di faggio Bistro
1%
Nessun quiz corrispondente trovato
Distribuzione punteggi
Percentuale di utenti per punteggio
Percentile per numero di risposta
I tuoi punteggi nel tempo
Non hai fatto questo quiz